Developments in research on abiotic stress responsive microRNAs of Hevea brasiliensis (Record no. 57109)
[ view plain ]
| 000 -LEADER | |
|---|---|
| fixed length control field | 01697nam a2200229Ia 4500 |
| 100 ## - MAIN ENTRY--AUTHOR NAME | |
| Personal name | Sathik M.B.M |
| 245 #0 - TITLE STATEMENT | |
| Title | Developments in research on abiotic stress responsive microRNAs of Hevea brasiliensis |
| 260 ## - PUBLICATION, DISTRIBUTION, ETC. (IMPRINT) | |
| Name of publisher | Indian Journal of Plant Physiology |
| Year of publication | 2017 |
| 300 ## - PHYSICAL DESCRIPTION | |
| Number of Pages | 470-483 |
| 500 ## - GENERAL NOTE | |
| General note | Source Year: 2017 |
| 520 ## - SUMMARY, ETC. | |
| Summary, etc | Abiotic stress such as drought and low temperature are the major environmental factors that restrict the expansion of Hevea brasiliensis (rubber tree) cultivation to non-traditional regions of India. The H. brasiliensis cultivars, which are proven superior in traditional regions, do not perform well in such regions and hence it is imperative to find/develop stress tolerant cultivars spcifically for these regions. Marker assisted selection for stress tolerance is widely employed to minimize time required to develop such cultivars with desired traits. In this review, developments in abiotic stress responsive gene expression studies in Hevea with special reference to miRNA research are discussed. The recent researches in this field have revealed the nature of abiotic stress responsive miRNAs and their possible role on their corresponding target genes. These attempts indicate the possibility of employing specific stress tolerance associated miRNAs in the crop improvement programmes by the breeders to identify or develop drought/cold-tolerant cultivars of H. brasiliensis. |
| 650 ## - SUBJECT ADDED ENTRY--TOPICAL TERM | |
| Topical Term | Abiotic stress |
| 650 ## - SUBJECT ADDED ENTRY--TOPICAL TERM | |
| Topical Term | Cold stress |
| 650 ## - SUBJECT ADDED ENTRY--TOPICAL TERM | |
| Topical Term | Drought |
| 650 ## - SUBJECT ADDED ENTRY--TOPICAL TERM | |
| Topical Term | Gene expression |
| 650 ## - SUBJECT ADDED ENTRY--TOPICAL TERM | |
| Topical Term | Hevea brasiliensis |
| 650 ## - SUBJECT ADDED ENTRY--TOPICAL TERM | |
| Topical Term | MicroRNA |
| 700 ## - ADDED ENTRY--PERSONAL NAME | |
| Personal name | Kuruvilla L |
| 856 ## - ELECTRONIC LOCATION AND ACCESS | |
| Uniform Resource Identifier | Copy |
| 942 ## - ADDED ENTRY ELEMENTS (KOHA) | |
| Koha item type | Journals |
| Withdrawn status | Lost status | Damaged status | Not for loan | Home library | Current library | Shelving location | Date acquired | Serial Enumeration / chronology | Koha item type |
|---|---|---|---|---|---|---|---|---|---|
| Journals | RRII Library | RRII Library | Physiology | 01/01/2019 | Volume 22, Issue 4 | Journals |